Využitie tvorivých metód ako predpoklad nových inovácií v podniku diplomová práca

Enregistré dans:
Détails bibliographiques
Auteur principal: Křížek, Gabriel
Collectivité auteur: Fakulta podnikového manažmentu EU. Katedra manažmentu výroby a logistiky - zrušená
Autres auteurs: Porubanová, Klaudia
Format: Livre
Langue:slovaque
Publié: Bratislava 2018
Tags: Ajouter un tag
Pas de tags, Soyez le premier à ajouter un tag!

MARC

LEADER 00000nbm a2200000 4500
001 0244878
005 20181009130432.4
041 0 |a slo 
044 |a SK 
245 1 0 |a Využitie tvorivých metód ako predpoklad nových inovácií v podniku  |b diplomová práca  |c Gabriel Křížek ; školiteľ: Klaudia Porubanova 
264 1 |a Bratislava  |c 2018 
300 |a 60 s. 
100 1 |a Křížek, Gabriel 
700 1 |a Porubanová, Klaudia 
710 2 |a Fakulta podnikového manažmentu EU. Katedra manažmentu výroby a logistiky - zrušená